Online
Catalog

Teatro escolar para la educación primaria / (Record no. 27086)

MARC details
000 -CABECERA
campo de control de longitud fija 00858nam a2200241 a 4500
001 - NÚMERO DE CONTROL
campo de control 000027594
005 - FECHA Y HORA DE LA ÚLTIMA TRANSACCIÓN
campo de control 20240228103022.0
008 - DATOS DE LONGITUD FIJA--INFORMACIÓN GENERAL
campo de control de longitud fija 110401s1986 dr ab r 000 0 spa d
040 ## - FUENTE DE LA CATALOGACIÓN
Centro catalogador/agencia de origen DO-SdBNP
Lengua de catalogación spa
Centro/agencia transcriptor BNPHU
082 ## - NÚMERO DE LA CLASIFICACIÓN DECIMAL DEWEY
Número de clasificación 372.66
Número de documento/Ítem P979t
100 1# - ENTRADA PRINCIPAL--NOMBRE DE PERSONA
Nombre de persona Pujols Faneyte, Víctor
9 (RLIN) 54687
245 10 - MENCIÓN DE TÍTULO
Título Teatro escolar para la educación primaria /
Mención de responsabilidad, etc. Víctor Pujols Faneyte ; prólogo Ivan García.
260 ## - PUBLICACIÓN, DISTRIBUCIÓN, ETC.
Lugar de publicación, distribución, etc. Santo Domingo :
Nombre del editor, distribuidor, etc. Bilbioteca Nacional,
Fecha de publicación, distribución, etc. 1986.
300 ## - DESCRIPCIÓN FÍSICA
Extensión 183 p. :
Otras características físicas il., map. ;
Dimensiones 21 cm.
490 1# - MENCIÓN DE SERIE
Mención de serie Orfeo
500 ## - NOTA GENERAL
Nota general Incluye datos biográficos del autor en la contracubierta
590 ## - NOTA LOCAL (RLIN)
Nota local Inventariado, 2018/BT
650 #4 - PUNTO DE ACCESO ADICIONAL DE MATERIA--TÉRMINO DE MATERIA
Término de materia o nombre geográfico como elemento de entrada Teatro escolar e infantil
9 (RLIN) 54688
650 #4 - PUNTO DE ACCESO ADICIONAL DE MATERIA--TÉRMINO DE MATERIA
Término de materia o nombre geográfico como elemento de entrada Teatro en la educación
9 (RLIN) 25440
700 1# - PUNTO DE ACCESO ADICIONAL--NOMBRE DE PERSONA
Nombre de persona García Guerra, Iván,
Fechas asociadas al nombre 1938-
Término indicativo de función/relación pról.
9 (RLIN) 144
830 #0 - PUNTO DE ACCESO ADICIONAL DE SERIE-TÍTULO UNIFORME
Título uniforme Orfeo
9 (RLIN) 18812
910 ## - DATOS DE OPCIÓN DEL USUARIO (OCLC)
Datos de opción del usuario Validado. Control de calidad. MFF
Holdings
Estado de retiro Estado de pérdida Restricciones de uso No para préstamo Código de colección Localización permanente Ubicación/localización actual Ubicación en estantería Fecha de adquisición Número de inventario Total de préstamos Signatura topográfica completa Código de barras Fecha visto por última vez Número de copia Precio válido a partir de Tipo de ítem Koha
        Dominicana de Servicio General General Depósito 27.04.2011 LF1   372.66 P979t 27594-30 25.06.2020 e. 3 25.06.2020 Libro y Folleto Colección Dominicana de Servicio
        Dominicana de Servicio General General Depósito 02.03.2017 LF1   372.66 P979t 27594-40 25.06.2020 e. 4 25.06.2020 Libro y Folleto Colección Dominicana de Servicio
        Dominicana de Servicio General General Depósito 02.03.2017 LF1   372.66 P979t 27594-50 25.06.2020 e. 5 25.06.2020 Libro y Folleto Colección Dominicana de Servicio
      Excluido de préstamo Patrimonio Dominicano Patrimonio Dominicano Patrimonio Dominicano Depósito 01.04.2011 LF1   372.66 P979t 27594-10 25.06.2020   25.06.2020 Libro y Folleto Colección Patrimonio Dominicano
      Excluido de préstamo Patrimonio Dominicano Patrimonio Dominicano Patrimonio Dominicano Depósito 06.04.2011 LF1   372.66 P979t 27594-20 25.06.2020 e. 2 25.06.2020 Libro y Folleto Colección Patrimonio Dominicano

Powered by Koha